| 000 -LEADER |
| fixed length control field |
00626pam a2200217 a 4500 |
| 020 ## - INTERNATIONAL STANDARD BOOK NUMBER |
| ISBN |
0028004426 |
| 040 ## - CATALOGING SOURCE |
| Transcribing agency |
DLC |
| 082 00 - DEWEY DECIMAL CLASSIFICATION NUMBER |
| Classification number |
621 GLE 1993 A038 Or. |
| 100 1# - MAIN ENTRY--AUTHOR NAME |
| Personal name |
Schuler, Charles A. |
| 245 10 - TITLE STATEMENT |
| Title |
Electric circuit analysis / |
| 260 ## - PUBLICATION, DISTRIBUTION, ETC. (IMPRINT) |
| Place of publication |
New York, N.Y. : |
| Name of publisher |
Glencoe, |
| Year of publication |
c1993. |
| 300 ## - PHYSICAL DESCRIPTION |
| Number of Pages |
ix, 773 p. : |
| Other physical details |
ill. (some col.) ; |
| Dimensions |
27 cm. |
| 500 ## - GENERAL NOTE |
| General note |
Rev. ed. of: Basic electricity and electronics. |
| 500 ## - GENERAL NOTE |
| General note |
Includes index. |
| 650 #0 - SUBJECT ADDED ENTRY--TOPICAL TERM |
| Topical Term |
Electrical engineering. |
| 650 #0 - SUBJECT ADDED ENTRY--TOPICAL TERM |
| Topical Term |
Electronics. |
| 650 #0 - SUBJECT ADDED ENTRY--TOPICAL TERM |
| Topical Term |
Electric circuit analysis. |
| 700 1# - ADDED ENTRY--PERSONAL NAME |
| Personal name |
Fowler, Richard J. |
| 700 1# - ADDED ENTRY--PERSONAL NAME |
| Personal name |
Schuler, Charles A. |
| 942 ## - ADDED ENTRY ELEMENTS (KOHA) |
| Koha item type |
សៀវភៅភាសាអង់គ្លេស |
| 952 ## - LOCATION AND ITEM INFORMATION (KOHA) |
| Withdrawn status [LOCAL, KOHA] |
0 |
| 952 ## - LOCATION AND ITEM INFORMATION (KOHA) |
| Withdrawn status [LOCAL, KOHA] |
0 |